Хрестоматия по истории СССР ... Т. 2. Ч. 1: (1682-1856) (Запись № 13603964)
[ простой вид ]
| 000 -МАРКЕР | |
|---|---|
| контрольное поле | 01352nam2a2200277 4500 |
| 001 - ИДЕНТИФИКАТОР ЗАПИСИ | |
| контрольное поле | rc\2958873 |
| 005 - ИДЕНТИФИКАТОР ВЕРСИИ | |
| контрольное поле | 20260406141033.0 |
| 035 ## - ДРУГИЕ СИСТЕМНЫЕ НОМЕРА | |
| Идентификатор записи | (NLR Aleph) 007105740 |
| 100 ## - ДАННЫЕ ОБЩЕЙ ОБРАБОТКИ | |
| Данные общей обработки | 20110902d1941 u y0rusy50 ca |
| 101 0# - ЯЗЫК РЕСУРСА | |
| Язык текста, звукозаписи и т.д. | русский |
| 102 ## - СТРАНА ПУБЛИКАЦИИ ИЛИ ПРОИЗВОДСТВА | |
| Страна публикации | Российская Федерация |
| 105 ## - ПОЛЕ КОДИРОВАННЫХ ДАННЫХ: ТЕКСТОВЫЕ МАТЕРИАЛЫ, МОНОГРАФИЧЕСКИЕ | |
| Кодированные данные о монографическом текстовом документе | y z ||||| |
| 200 1# - ЗАГЛАВИЕ И СВЕДЕНИЯ ОБ ОТВЕТСТВЕННОСТИ | |
| Основное заглавие | (1682-1856) |
| Первые сведения об ответственности | Сост. доц. С.С. Дмитриев и проф. М.В. Нечкина |
| 210 ## - ПУБЛИКАЦИЯ, РАСПРОСТРАНЕНИЕ И ДР. | |
| Дата издания, распространения и т.д. | 1941 |
| 215 ## - ФИЗИЧЕСКАЯ ХАРАКТЕРИСТИКА | |
| Специфическое обозначение материала и объем | 568 с. |
| Размеры | 23 см |
| 225 1# - СЕРИЯ | |
| Основное заглавие серии | Библиотека учителя |
| 461 #0 - УРОВЕНЬ НАБОРА | |
| Встроенное поле | 001rc\2958871 |
| -- | 2001#$aХрестоматия по истории СССР ...$eПособие для учителей истории сред. школы. Т. 1-$fУтв. Наркомпросом РСФСР$vТ. 2. Ч. 1 |
| Системный номер (АБИС) связанной записи | 6716478 |
| Место публикации | Москва |
| Дата публикации | 1937 |
| Первые сведения об ответственности | Утв. Наркомпросом РСФСР |
| Имя издателя, распространителя и т.д. | Учпедгиз |
| Сведения, относящиеся к заглавию | Пособие для учителей истории сред. школы. Т. 1- |
| Заглавие | Хрестоматия по истории СССР ... |
| Номер тома | Т. 2. Ч. 1 |
| 702 #1 - ИМЯ ЛИЦА - ВТОРИЧНАЯ ОТВЕТСТВЕННОСТЬ | |
| Начальный элемент ввода | Дмитриев |
| Часть имени, кроме начального элемента ввода | С.С. |
| Расширение инициалов личного имени | Сергей Сергеевич |
| Код отношения | Редактор |
| 702 #1 - ИМЯ ЛИЦА - ВТОРИЧНАЯ ОТВЕТСТВЕННОСТЬ | |
| Код отношения | Редактор |
| Материалы, к которым относится поле | rus |
| Графика поля | Кириллица |
| Начальный элемент ввода | Нечкина |
| Часть имени, кроме начального элемента ввода | М. В. |
| Даты | 1899-1985 |
| Расширение инициалов личного имени | Милица Васильевна |
| Идентификатор авторитетной/нормативной записи | RU\NLR\AUTH\773282 |
| Системный номер авторитетной/нормативной записи | 113287 |
| 801 #0 - ИСТОЧНИК ЗАПИСИ | |
| Страна | Российская Федерация |
| Организация | NLR |
| Правила каталогизации | psbo |
| 801 #1 - ИСТОЧНИК ЗАПИСИ | |
| Страна | Российская Федерация |
| Организация | ELAR |
| Источник данных | rusmarc |
| 852 ## - МЕСТОНАХОЖДЕНИЕ И ШИФР ХРАНЕНИЯ | |
| Идентификатор организации | NLR |
| Шифр хранения (Call Number) | Ир10 Г-5/7(2-1) |
| 942 ## - ДОПОЛНИТЕЛЬНЫЕ ЭЛЕМЕНТЫ ЗАПИСИ (АБИС) | |
| Тип экземпляра АБИС | Неопределено |
| 980 ## - КОЛЛЕКЦИЯ | |
| Название коллекции | Национальная библиография |
Нет доступных экземпляров.